[Event "RUS-ch"]
[Site "Elista"]
[Date "1994.??.??"]
[Round "7"]
[White "Solozhenkin, Evgeniy"]
[Black "Karpeshov, Oleg"]
[Result "1-0"]
[WhiteElo "2505"]
[BlackElo "2440"]
[PlyCount "123"]
[EventDate "1994.09.??"]
[Source "ChessBase"]

1. d4 d5 2. c4 dxc4 3. Nf3 Nf6 4. e3 g6 5. Bxc4 Bg7 6. O-O O-O 7. Nc3 c5 8. dxc5 Nbd7 9. e4 Nxc5 10. e5 Qxd1 11. Rxd1 Ng4 12. Bf4 Be6 13. Nd5 Kh8 14. h3 Nh6 15. Be3 Na4 16. Bb3 Rad8 17. Bxa7 Nxb2 18. Rd2 b5 19. Bb6 Rd7 20. Rxb2 Bxd5 21. Rd1 Bc6 22. Rxd7 Bxd7 23. Rd2 Bc6 24. Nd4 Bd7 25. Nf3 Be6 26. Nd4 Bd7 27. e6 fxe6 28. Nxe6 Bxe6 29. Bxe6 Nf5 30. Rd7 Bf6 31. g4 Nd6 32. Kg2 h5 33. f4 hxg4 34. hxg4 g5 35. f5 Nc4 36. Rd8 Rxd8 37. Bxd8 Ne5 38. Kg3 Nc6 39. Bb6 Bd4 40. Bxd4+ Nxd4 41. Bd7 Kg7 42. Kf2 Kf6 43. Ke3 Ke5 44. Be8 b4 45. Ba4 Kd5 46. Kd3 Kc5 47. Ke4 Kc4 48. Be8 Nc2 49. Ke5 Ne3 50. Bh5 Kc3 51. Ke6 Kd4 52. Kxe7 Ke5 53. Kf7 Nxf5 54. gxf5 Kxf5 55. Ke7 Ke5 56. Kd7 Kd5 57. Ke7 Kd4 58. Kd6 b3 59. axb3 Kc3 60. Bd1 Kd2 61. Bf3 Kc3 62. Bd5 1-0

[Event "XXII Open"]
[Site "Parla ESP"]
[Date "2007.09.08"]
[Round "8"]
[White "Serrano Salvador, E."]
[Black "Epishin, V."]
[Result "0-1"]
[WhiteElo "2354"]
[BlackElo "2587"]
[PlyCount "74"]
[EventDate "2007.09.01"]
[Source "www.chesslib.no"]
[SourceDate "2004.05.04"]

1. d4 d5 2. c4 dxc4 3. Nf3 Nf6 4. e3 g6 5. Bxc4 Bg7 6. b4 O-O 7. O-O Nbd7 8. Bb2 Ne4 9. Nbd2 Nd6 10. Bb3 Nf6 11. Rc1 c6 12. Qe2 Bf5 13. Ne5 a5 14. bxa5 Qxa5 15. f3 Qb5 16. Qf2 Be6 17. Rc5 Qb6 18. Ndc4 Qc7 19. a3 Bd5 20. Nd2 Bxb3 21. Nxb3 Nd5 22. e4 Nb6 23. Rc2 Nb5 24. Nc5 Nxa3 25. Bxa3 Rxa3 26. Rb2 Rfa8 27. Rfb1 Bxe5 28. dxe5 Nc4 29. Rxb7 Qxe5 30. Nd7 Qc3 31. Qc5 Ra1 32. h3 Rxb1+ 33. Rxb1 Qd3 34. Rc1 Ne3 35. Qxc6 Rd8 36. Re1 Rxd7 37. Kh2 Nc4 0-1

[Event "URS Team Ch"]
[Site "Nabereznye Chelny"]
[Date "1988.??.??"]
[Round "?"]
[White "Donchenko, Anatoly G"]
[Black "Balashov, Yuri S"]
[Result "1/2-1/2"]
[WhiteElo "2385"]
[BlackElo "2555"]
[PlyCount "115"]
[EventDate "1988.??.??"]
[Source "www.chesslib.no"]
[SourceDate "2004.05.04"]

1. Nf3 d5 2. d4 Nf6 3. c4 dxc4 4. e3 g6 5. Bxc4 Bg7 6. b4 O-O 7. O-O c6 8. a4 Nbd7 9. Ba3 Ne4 10. Nbd2 Nxd2 11. Qxd2 a6 12. b5 axb5 13. axb5 c5 14. Bb2 Rxa1 15. Rxa1 Nb6 16. Be2 Be6 17. Qc1 cxd4 18. Bxd4 Bxd4 19. Nxd4 Bd5 20. Qc5 Nc8 21. Rd1 Qd6 22. Nb3 Qxc5 23. Nxc5 Nb6 24. Bf3 Bxf3 25. gxf3 Kg7 26. Nxb7 Rb8 27. Na5 Na4 28. Rb1 Nc3 29. Nc6 Rb7 30. Rb3 Nxb5 31. Nxe7 Rxe7 32. Rxb5 Ra7 33. Kg2 h5 34. f4 Kf6 35. e4 Ra3 36. h4 Ra4 37. f3 Ra1 38. f5 gxf5 39. Rxf5+ Kg6 40. Rg5+ Kh6 41. Rf5 Kg6 42. Rg5+ Kh6 43. Rb5 f6 44. Kg3 Kg6 45. Rb6 Kg7 46. Rb7+ Kh6 47. Kf4 Rf1 48. Rb6 Kg7 49. Ra6 Rf2 50. Ra1 Kf7 51. Kg3 Rb2 52. Ra7+ Kg6 53. f4 Rb3+ 54. Kg2 Rb2+ 55. Kf3 Rb3+ 56. Ke2 Rh3 57. f5+ Kh6 58. Ra6 1/2-1/2

[Event "RUS-Cup02"]
[Site "Moscow"]
[Date "1998.??.??"]
[Round "9"]
[White "Chekhov, Valery A"]
[Black "Karpeshov, Oleg"]
[Result "1-0"]
[WhiteElo "2520"]
[BlackElo "2420"]
[PlyCount "78"]
[EventDate "1998.01.21"]
[Source "www.chesslib.no"]
[SourceDate "2004.05.04"]

1. d4 d5 2. c4 dxc4 3. Nf3 Nf6 4. e3 g6 5. Bxc4 Bg7 6. O-O O-O 7. Nc3 c5 8. dxc5 Nbd7 9. e4 Nxc5 10. e5 Qxd1 11. Rxd1 Ng4 12. Bf4 Be6 13. Nd5 Bxd5 14. Bxd5 e6 15. b4 exd5 16. bxc5 f6 17. e6 Rfe8 18. Rab1 Rxe6 19. Rxb7 Bf8 20. h3 Ne5 21. Bxe5 fxe5 22. Rxd5 Rc8 23. Ng5 Re7 24. Rxe7 Bxe7 25. Ne4 Kf7 26. Rxe5 Rd8 27. Ng5+ Bxg5 28. Rxg5 Rd1+ 29. Kh2 Rc1 30. Rd5 Ke7 31. a4 Ke8 32. g4 Rc4 33. a5 Rc3 34. h4 Ke7 35. Kg2 Ke6 36. Rd6+ Ke5 37. Rd7 Kf4 38. Rxh7 Kxg4 39. a6 Rxc5 1-0

[Event "Wch U20"]
[Site "Adelaide AUS"]
[Date "1988.??.??"]
[Round "2"]
[White "Gelfand, Boris"]
[Black "Manor, Ilan"]
[Result "1-0"]
[WhiteElo "2505"]
[BlackElo "2430"]
[PlyCount "81"]
[EventDate "1988.09.??"]
[Source "www.chesslib.no"]
[SourceDate "2004.05.04"]

1. d4 Nf6 2. Nf3 d5 3. c4 dxc4 4. e3 g6 5. Bxc4 Bg7 6. b4 O-O 7. Nbd2 Bg4 8. h3 Bxf3 9. Nxf3 Nbd7 10. Bb2 c6 11. O-O Ne4 12. Qc2 Nd6 13. Bb3 a5 14. bxa5 Qxa5 15. e4 e6 16. Rad1 Rfe8 17. Bc1 Rac8 18. Bf4 Bf8 19. Rfe1 b5 20. Qc1 b4 21. Bxd6 Bxd6 22. e5 Be7 23. Ng5 Bxg5 24. Qxg5 Nf8 25. h4 Qd8 26. Qh6 Qe7 27. h5 Red8 28. hxg6 fxg6 29. Re4 Rd7 30. Rc1 c5 31. Rf4 Rdd8 32. dxc5 Rxc5 33. Re1 Nd7 34. Rxb4 Rxe5 35. Rxe5 Nxe5 36. Re4 Qf6 37. Qe3 Nf7 38. Rxe6 Qa1+ 39. Kh2 Rf8 40. Re7 Qf6 41. Rxf7 1-0

[Event "2. Dato' Arthur Tan Malaysian Open"]
[Site "?"]
[Date "2005.08.23"]
[Round "6"]
[White "Lahiri Atanu"]
[Black "Adianto Utut"]
[Result "0-1"]
[WhiteElo "2344"]
[BlackElo "2588"]
[PlyCount "44"]
[EventDate "2005.??.??"]
[Source "www.chesslib.no"]
[SourceDate "2004.05.04"]

1. d4 d5 2. c4 dxc4 3. Nf3 Nf6 4. e3 g6 5. Bxc4 Bg7 6. O-O O-O 7. Nc3 c5 8. d5 a6 9. a4 Bg4 10. e4 Nbd7 11. Be2 Bxf3 12. Bxf3 Ne8 13. Be3 Nd6 14. Be2 Bxc3 15. bxc3 Nxe4 16. Qc2 Nd6 17. c4 Nf5 18. Bc1 Nd4 19. Qe4 Re8 20. Bd1 e5 21. dxe6 Rxe6 22. Qxb7 Rb8 0-1

[Event "Toth Memorial"]
[Site "Kecskemet HUN"]
[Date "1977.??.??"]
[Round "?"]
[White "Lukacs, Peter"]
[Black "Barczay, Laszlo"]
[Result "1/2-1/2"]
[WhiteElo "2450"]
[BlackElo "2470"]
[PlyCount "24"]
[EventDate "1977.03.??"]
[Source "www.chesslib.no"]
[SourceDate "2004.05.04"]

1. d4 d5 2. c4 dxc4 3. Nf3 Nf6 4. e3 g6 5. Bxc4 Bg7 6. O-O O-O 7. h3 Nfd7 8. Nc3 Nb6 9. Be2 Nc6 10. b3 e5 11. dxe5 Qe7 12. Bb2 Nxe5 1/2-1/2

[Event "Vrnjacka Banja"]
[Site "Vrnjacka Banja YUG"]
[Date "1985.??.??"]
[Round "13"]
[White "Lukacs, Peter"]
[Black "Velikov, Petar V"]
[Result "1-0"]
[WhiteElo "2470"]
[BlackElo "2450"]
[PlyCount "113"]
[EventDate "1985.??.??"]
[Source "www.chesslib.no"]
[SourceDate "2004.05.04"]

1. d4 d5 2. c4 dxc4 3. Nf3 Nf6 4. e3 g6 5. Bxc4 Bg7 6. O-O O-O 7. Nc3 Nfd7 8. h3 Nb6 9. Be2 Nc6 10. b3 a5 11. Ba3 Re8 12. Rc1 Nb4 13. Bb2 N6d5 14. Qd2 b6 15. Nxd5 Nxd5 16. e4 Nf6 17. Qc2 Bb7 18. d5 e6 19. Bb5 exd5 20. Bxe8 Nxe8 21. Rfd1 Bxb2 22. Qxb2 Nf6 23. Qe5 c6 24. exd5 Nxd5 25. Rd2 Qd7 26. Re1 h6 27. Nh2 Qf5 28. Qxf5 gxf5 29. Nf3 Kg7 30. Rde2 a4 31. Nd4 Kf6 32. Re5 f4 33. Nf5 axb3 34. axb3 Ne3 35. Re7 Bc8 36. fxe3 Bxf5 37. Rc7 Be4 38. Rf1 Bd5 39. e4 Bxe4 40. Rxf4+ Ke5 41. Rfxf7 Bd5 42. Rf2 Ra1+ 43. Kh2 Rb1 44. Rh7 Rxb3 45. Rxh6 Ra3 46. Rh8 b5 47. h4 b4 48. h5 Ra7 49. h6 b3 50. h7 Kd4 51. Rd2+ Kc3 52. Rxd5 Rxh7+ 53. Rxh7 cxd5 54. Kg1 d4 55. Kf2 b2 56. Rb7 Kc2 57. Ke1 1-0

[Event "URS-ch U26"]
[Site "Lvov"]
[Date "1985.??.??"]
[Round "?"]
[White "Moskalenko, Viktor"]
[Black "Kruppa, Yuri"]
[Result "1-0"]
[WhiteElo "2460"]
[BlackElo "2460"]
[PlyCount "53"]
[EventDate "1985.??.??"]
[Source "ChessBase"]

1. d4 Nf6 2. Nf3 d5 3. c4 dxc4 4. e3 g6 5. Bxc4 Bg7 6. O-O O-O 7. b4 Nfd7 8. Bb2 Nc6 9. a3 e5 10. d5 Ne7 11. e4 Nb6 12. Bb3 Bg4 13. Nbd2 c6 14. h3 Bxf3 15. Nxf3 cxd5 16. exd5 Nexd5 17. Nxe5 Qd6 18. f4 a5 19. Rf2 axb4 20. axb4 Rad8 21. Qf3 Qxb4 22. Rd1 Qc5 23. Kh2 Rd6 24. Bd4 Qb4 25. Rb2 Na4 26. Rbb1 Nac3 27. Bxc3 1-0

[Event "Rishon Le Ziyyon 9798"]
[Site "Rishon Le Ziyyon"]
[Date "1997.12.29"]
[Round "5"]
[White "Botvinnik, Ilia"]
[Black "Zilberman, Yaacov"]
[Result "1/2-1/2"]
[WhiteElo "2350"]
[BlackElo "2560"]
[PlyCount "67"]
[EventDate "1997.12.25"]
[Source "ChessBase"]
[SourceDate "1998.03.09"]

1. Nf3 d5 2. d4 Nf6 3. c4 dxc4 4. e3 g6 5. Bxc4 Bg7 6. O-O O-O 7. Nc3 Nfd7 8. h3 Nb6 9. Bb3 c6 10. e4 a5 11. a3 Na6 12. Be3 Bd7 13. Ne5 Rc8 14. f4 e6 15. Nd3 Ra8 16. Nc5 Rc8 17. Rf2 Qe7 18. Qe1 Bxd4 19. Bxd4 Nxc5 20. Bc2 e5 21. Bxe5 Nc4 22. Bd4 Ne6 23. Be3 Nxe3 24. Qxe3 Qc5 25. Qxc5 Nxc5 26. Na4 Nxa4 27. Bxa4 Rfe8 28. Bc2 Be6 29. Rd2 Red8 30. Rad1 Rxd2 31. Rxd2 Kf8 32. Kf2 Ke7 33. Ke3 f6 34. g4 1/2-1/2

[Event "New Delhi"]
[Site "Delhi"]
[Date "1982.??.??"]
[Round "2"]
[White "Taimanov, Mark E"]
[Black "Ravisekhar, Raja"]
[Result "1/2-1/2"]
[WhiteElo "2510"]
[BlackElo "2400"]
[PlyCount "86"]
[EventDate "1982.??.??"]
[Source "ChessBase"]

1. d4 d5 2. c4 dxc4 3. Nf3 Nf6 4. e3 g6 5. Bxc4 Bg7 6. O-O O-O 7. Nc3 Nfd7 8. Qe2 Nb6 9. Bb3 Nc6 10. Rd1 Bg4 11. h3 Bxf3 12. Qxf3 e6 13. Na4 Nxa4 14. Bxa4 Qd6 15. Bd2 Rfb8 16. a3 a5 17. Rac1 Ne7 18. Rc5 b6 19. Rc2 Ra7 20. Bb5 Qd8 21. Be1 Nf5 22. Bc6 Ne7 23. Bb5 Nf5 24. a4 h5 25. d5 e5 26. g3 Nd6 27. g4 e4 28. Qg3 hxg4 29. Qxg4 Be5 30. Bc3 Bxc3 31. Rxc3 Qe7 32. Kf1 Rd8 33. Ke1 Kg7 34. Bf1 Rh8 35. Qe2 Qe5 36. Qc2 Ne8 37. Rc6 Rh5 38. Qc3 Ra8 39. Bg2 Rd8 40. Bxe4 Qxc3+ 41. bxc3 Rxh3 42. c4 Rh4 43. f4 Rd7 1/2-1/2

[Event "17th Open Pula 2003"]
[Site "Pula"]
[Date "2003.06.02"]
[Round "3.2"]
[White "Sarakauskas, Gediminas"]
[Black "Bistric, Faruk"]
[Result "1/2-1/2"]
[WhiteElo "2396"]
[BlackElo "2509"]
[PlyCount "113"]
[EventDate "2003.06.01"]
[Source "Roberto Alvarez"]
[SourceDate "2003.06.09"]

1. d4 d5 2. Nf3 Nf6 3. c4 dxc4 4. e3 g6 5. Bxc4 Bg7 6. O-O O-O 7. Nc3 c5 8. Ne5 Nbd7 9. Qb3 e6 10. Rd1 Qe7 11. Be2 Rd8 12. Nxd7 Nxd7 13. dxc5 Nxc5 14. Rxd8+ Qxd8 15. Qc2 Bd7 16. b3 Ne4 17. Qxe4 Bxc3 18. Rb1 Bc6 19. Qc2 Qa5 20. Bb2 Bxb2 21. Qxb2 Rd8 22. b4 Qd5 23. f3 Qd2 24. Qxd2 Rxd2 25. Bc4 Kf8 26. b5 Bd7 27. Rb4 b6 28. a4 Ke7 29. h4 h6 30. Kf1 Kd6 31. Bb3 g5 32. hxg5 hxg5 33. Rd4+ Rxd4 34. exd4 f5 35. Kf2 f4 36. Ke2 e5 37. dxe5+ Kxe5 38. Kd3 Bf5+ 39. Kc3 g4 40. Bd1 g3 41. Be2 Kd5 42. Bf1 Kc5 43. Be2 Bd7 44. Bf1 Be6 45. Be2 Bd5 46. Bf1 Ba2 47. Be2 Kd5 48. Bf1 Ke5 49. Be2 Kf5 50. Bc4 Bxc4 51. Kxc4 Ke5 52. Kc3 Kd5 53. Kd3 Kc5 54. Kc3 Kd5 55. Kd3 Kc5 56. Kc3 Kd5 57. Kd3 1/2-1/2

[Event "St Petersburg op"]
[Site "St Petersburg"]
[Date "1994.??.??"]
[Round "4"]
[White "Rashkovsky, Nukhim N"]
[Black "Karpeshov, Oleg"]
[Result "1/2-1/2"]
[WhiteElo "2535"]
[BlackElo "2365"]
[PlyCount "138"]
[EventDate "1994.02.??"]
[Source "ChessBase"]

1. d4 d5 2. Nf3 Nf6 3. c4 dxc4 4. e3 g6 5. Bxc4 Bg7 6. O-O O-O 7. b4 c6 8. Nbd2 Nd5 9. Qb3 b5 10. Bxd5 cxd5 11. a4 bxa4 12. Rxa4 e6 13. b5 Bd7 14. Ra2 a6 15. bxa6 Nxa6 16. Ba3 Rb8 17. Qc3 Re8 18. Ne5 Bb5 19. Rb1 Rc8 20. Qa1 Nc7 21. Bc5 f6 22. Nef3 Bc6 23. Nb3 e5 24. Bb6 Qd6 25. Bc5 Qd8 26. Na5 Ne6 27. Bb4 Ba8 28. Nb3 e4 29. Nfd2 f5 30. g3 g5 31. Rc1 f4 32. Ra7 Rxc1+ 33. Qxc1 Qb8 34. Qa3 fxe3 35. fxe3 Bc6 36. Bd6 Qb5 37. Qa6 Qxa6 38. Rxa6 Bb5 39. Ra5 Bc4 40. Ra7 Rc8 41. Re7 Nd8 42. Re8+ Kf7 43. Re7+ Kg6 44. Rc7 Rxc7 45. Bxc7 Ne6 46. Bd6 Bb5 47. h3 g4 48. h4 Bh6 49. Kf2 Kf7 50. Nb1 Ng7 51. Nc3 Bd3 52. Ba3 Nf5 53. Bc1 Bf8 54. Nc5 Bc4 55. Nd7 Bd6 56. Ne5+ Bxe5 57. dxe5 Ke6 58. Na4 Kxe5 59. Bb2+ Kd6 60. Bd4 Ba6 61. Nc5 Bc8 62. Nb3 Kd7 63. Be5 Nh6 64. Nd4 Nf7 65. Bb8 Nd8 66. Ke1 Nb7 67. Nb3 Nd8 68. Nd4 Ba6 69. Kd2 Ne6 1/2-1/2

[Event "St Petersburg op"]
[Site "St Petersburg"]
[Date "1994.??.??"]
[Round "6"]
[White "Kharitonov, Andrei Y"]
[Black "Karpeshov, Oleg"]
[Result "1/2-1/2"]
[WhiteElo "2535"]
[BlackElo "2365"]
[PlyCount "62"]
[EventDate "1994.02.??"]
[Source "ChessBase"]

1. d4 d5 2. c4 dxc4 3. Nf3 Nf6 4. e3 g6 5. Bxc4 Bg7 6. O-O O-O 7. Nc3 c5 8. dxc5 Nbd7 9. e4 Nxc5 10. e5 Qxd1 11. Rxd1 Ng4 12. Bf4 Be6 13. Nd5 Bxd5 14. Bxd5 e6 15. Bc4 g5 16. Bg3 Rac8 17. h3 Ne3 18. fxe3 Ne4 19. Bxe6 fxe6 20. Be1 g4 21. hxg4 Bh6 22. Rd3 Rc2 23. Bh4 Rfc8 24. Rb1 Nc5 25. Ra3 a6 26. Bf6 Ne4 27. g5 Bf8 28. Ra4 Nd2 29. Nxd2 Rxd2 30. g6 hxg6 31. Rg4 Rdc2 1/2-1/2

[Event "Trnava"]
[Site "Trnava SVK"]
[Date "1987.??.??"]
[Round "?"]
[White "Danner, Georg"]
[Black "Mokry, Karel"]
[Result "1/2-1/2"]
[WhiteElo "2405"]
[BlackElo "2485"]
[PlyCount "43"]
[EventDate "1987.03.??"]
[Source "www.chesslib.no"]
[SourceDate "2004.05.04"]

1. d4 d5 2. Nf3 Nf6 3. c4 dxc4 4. e3 g6 5. Bxc4 Bg7 6. Nc3 O-O 7. O-O Nfd7 8. a3 Nc6 9. Qe2 Nb6 10. Ba2 e5 11. d5 Ne7 12. e4 Bd7 13. Bg5 Nbc8 14. Rac1 Nd6 15. Nd2 h6 16. Bh4 g5 17. Bg3 Ng6 18. Nc4 Qe7 19. Rfe1 Kh8 20. Bb3 a6 21. Nxd6 cxd6 22. Na4 1/2-1/2

[Event "RSFSR-ch"]
[Site "Kuibyshev"]
[Date "1990.??.??"]
[Round "?"]
[White "Tunik, Gennady"]
[Black "Meister, Yakov"]
[Result "0-1"]
[WhiteElo "2475"]
[BlackElo "2415"]
[PlyCount "128"]
[EventDate "1990.??.??"]
[Source "ChessBase"]

1. d4 d5 2. Nf3 Nf6 3. c4 dxc4 4. e3 g6 5. Bxc4 Bg7 6. Nc3 O-O 7. h3 c5 8. d5 Nbd7 9. a4 Nb6 10. Ba2 Bf5 11. O-O Ne4 12. Ne2 c4 13. Nfd4 Bd7 14. a5 Nxd5 15. Bxc4 Ndf6 16. Nf3 Qc7 17. b3 Nd6 18. Bb2 Nxc4 19. bxc4 Qxc4 20. Ne5 Qb5 21. Nxd7 Qxd7 22. Bxf6 Qxd1 23. Rfxd1 Bxf6 24. Rab1 Rfb8 25. Rd7 b5 26. Nd4 a6 27. Nc6 Re8 28. Rb7 Kf8 29. g3 Rec8 30. Rb6 e6 31. Rd1 Ke8 32. Rd6 Rc7 33. Kf1 Rd7 34. Rxd7 Kxd7 35. Nb8+ Kc8 36. Nc6 Bc3 37. f4 Kc7 38. Ne5 Bxa5 39. Rc6+ Kb7 40. Rc2 f6 41. Nd7 Bb6 42. Nxf6 a5 43. Ne4 Rd8 44. Ke2 b4 45. g4 h6 46. h4 Rd5 47. h5 gxh5 48. g5 hxg5 49. fxg5 Rd7 50. Rc1 Ka6 51. Rg1 Rg7 52. Kd3 h4 53. Rh1 Rd7+ 54. Kc2 Bxe3 55. Rxh4 Kb5 56. g6 a4 57. Rh7 b3+ 58. Kb2 Rxh7 59. gxh7 Bd4+ 60. Ka3 Kc4 61. Ng5 Kd5 62. Nf3 Bg7 63. Nd2 Bd4 64. Kxa4 b2 0-1

[Event "SUI Ch int"]
[Site "Switzerland"]
[Date "1989.??.??"]
[Round "13"]
[White "Ioseliani, Nana M"]
[Black "Keller, Dieter"]
[Result "1-0"]
[WhiteElo "2470"]
[BlackElo "2420"]
[PlyCount "72"]
[EventDate "1989.??.??"]
[Source "www.chesslib.no"]
[SourceDate "2004.05.04"]

1. Nf3 d5 2. d4 Nf6 3. c4 dxc4 4. e3 g6 5. Bxc4 Bg7 6. O-O O-O 7. Nc3 a6 8. a4 Nc6 9. h3 Qd6 10. b3 Qb4 11. Qc2 Qa5 12. Bd2 Nb4 13. Qd1 c5 14. Rc1 e6 15. Qe1 Rd8 16. Na2 Ne4 17. Bxb4 cxb4 18. Qxb4 Qh5 19. Bd3 Ng5 20. Be2 e5 21. Qe7 Nxh3+ 22. gxh3 Bxh3 23. Qg5 Qxg5+ 24. Nxg5 Bxf1 25. Kxf1 Bh6 26. Nf3 exd4 27. Rc7 dxe3 28. Rxb7 a5 29. Bc4 Rf8 30. Ne5 e2+ 31. Ke1 Rad8 32. Nd7 Rfe8 33. Nf6+ Kf8 34. Nxe8 Rxe8 35. Bxe2 f5 36. Nc3 Rd8 1-0

[Event "Mravinci-A"]
[Site "Mravinci"]
[Date "1995.??.??"]
[Round "?"]
[White "Shariyazdanov, Andrey"]
[Black "Cvorovic, Drazen"]
[Result "1/2-1/2"]
[WhiteElo "2460"]
[BlackElo "2425"]
[PlyCount "153"]
[EventDate "1995.??.??"]
[Source "www.chesslib.no"]
[SourceDate "2004.05.04"]

1. d4 d5 2. c4 dxc4 3. Nf3 Nf6 4. e3 g6 5. Bxc4 Bg7 6. O-O O-O 7. Nc3 Nfd7 8. e4 Nb6 9. Be2 Bg4 10. Be3 Nc6 11. d5 Bxf3 12. Bxf3 Ne5 13. Be2 Nec4 14. Bxb6 Nxb6 15. Qb3 c6 16. dxc6 bxc6 17. Rac1 Bd4 18. Ba6 Nd7 19. Qc2 Rb8 20. Be2 Qa5 21. Na4 Nb6 22. Nxb6 axb6 23. Rfd1 c5 24. a4 Kg7 25. Bd3 Rbd8 26. g3 Rd6 27. Kg2 Qa8 28. f3 h5 29. Be2 h4 30. f4 Rh8 31. Bf3 e5 32. fxe5 Re6 33. g4 Qb8 34. Rf1 Qxe5 35. b3 Rhe8 36. Kh1 Rf6 37. Qg2 Rf4 38. Rcd1 Re6 39. h3 Ref6 40. Qe2 Rd6 41. Bg2 Rff6 42. Rd3 Rxf1+ 43. Qxf1 Rf6 44. Rf3 Rxf3 45. Qxf3 Qg5 46. Bf1 Qd2 47. Bc4 f6 48. Bf1 Be5 49. Be2 Kh6 50. Kg2 Kg5 51. Kf1 Bc3 52. Kg2 Bd4 53. Kh1 Qe1+ 54. Bf1 Be3 55. Kg2 Kh6 56. Kh1 Kg7 57. Kg2 Bd4 58. Kh1 Qd2 59. Be2 Qc1+ 60. Bf1 Kf8 61. Kg2 Ke7 62. Kh1 Ke6 63. Kg2 Ke5 64. Qd3 Qe1 65. Qf3 Be3 66. Kh1 Bf4 67. Qd3 Be3 68. Qe2 Qg3 69. Qh2 Kf4 70. Bg2 Bd4 71. Bf1 Bf2 72. Be2 Ke3 73. Qxg3+ Bxg3 74. Bc4 Kf2 75. g5 f5 76. exf5 gxf5 77. Be6 1/2-1/2

[Event "Moscow RUS"]
[Site "Moscow RUS"]
[Date "1995.??.??"]
[Round "?"]
[White "Obodchuk, Andrei"]
[Black "Najer, Evgeniy"]
[Result "1-0"]
[WhiteElo "2430"]
[BlackElo "2455"]
[PlyCount "45"]
[EventDate "1995.??.??"]
[Source "www.chesslib.no"]
[SourceDate "2004.05.04"]

1. d4 d5 2. c4 dxc4 3. Nf3 Nf6 4. e3 g6 5. Bxc4 Bg7 6. O-O O-O 7. Nc3 Ne8 8. Qe2 Nd6 9. Bb3 Nc6 10. Rd1 e5 11. dxe5 Nxe5 12. h3 Re8 13. e4 b6 14. Be3 Bf8 15. Qf1 Nb5 16. Rd7 Kh8 17. Qe1 Qxd7 18. Ne2 Ba6 19. Rc1 Re7 20. Nf4 Nc3 21. Rd1 Nxe4 22. Rb1 Be2 23. Bd5 1-0

[Event "St Petersburg op"]
[Site "St Petersburg"]
[Date "1994.??.??"]
[Round "2"]
[White "Yakovich, Yuri"]
[Black "Karpeshov, Oleg"]
[Result "0-1"]
[WhiteElo "2520"]
[BlackElo "2365"]
[PlyCount "56"]
[EventDate "1994.02.??"]
[Source "ChessBase"]

1. d4 d5 2. c4 dxc4 3. Nf3 Nf6 4. e3 g6 5. Bxc4 Bg7 6. O-O O-O 7. Nc3 c5 8. d5 Bg4 9. Be2 Bxf3 10. Bxf3 Nbd7 11. e4 Ne8 12. Bf4 Nd6 13. Rc1 Qa5 14. Re1 Ne5 15. Be2 h6 16. b3 Qb4 17. Bf1 Rfc8 18. Bd2 Qd4 19. Qe2 g5 20. Rc2 c4 21. Rec1 b5 22. Be3 Qd3 23. Qh5 b4 24. Bxd3 cxd3 25. Ne2 dxc2 26. Nd4 Nd3 27. Rxc2 Bxd4 28. Rxc8+ Rxc8 0-1

[Event "Zepter op"]
[Site "Minsk"]
[Date "1998.05.01"]
[Round "7"]
[White "Popov, Valerij"]
[Black "Begun, Sergei M"]
[Result "1-0"]
[WhiteElo "2505"]
[BlackElo "2375"]
[PlyCount "105"]
[EventDate "1998.04.25"]
[Source "ChessBase"]
[SourceDate "1998.07.07"]

1. Nf3 d5 2. d4 Nf6 3. c4 dxc4 4. e3 g6 5. Bxc4 Bg7 6. O-O O-O 7. Nc3 Nfd7 8. Qe2 Nb6 9. Bb3 Nc6 10. Rd1 Bf5 11. a3 Qc8 12. h3 a6 13. e4 Bd7 14. Be3 e6 15. Rac1 Na5 16. Ba2 Na4 17. Nb1 b5 18. Ne5 Be8 19. Qc2 c5 20. b3 Nb6 21. Qxc5 Qxc5 22. dxc5 Nc8 23. Bd4 Nc6 24. Nxc6 Bxc6 25. Bxg7 Kxg7 26. Nc3 a5 27. Rd4 Ne7 28. f4 Rfb8 29. Ne2 b4 30. a4 f5 31. Bb1 fxe4 32. Bxe4 Bd5 33. Bxd5 exd5 34. Rd2 Ra6 35. Nd4 Rc8 36. g3 Rf6 37. Kh2 Kf7 38. Nf3 Kg7 39. Kg2 h6 40. Re2 Nc6 41. Rd2 Re6 42. Kf2 Rce8 43. Rcc2 Rd8 44. Re2 Kf6 45. Rxe6+ Kxe6 46. Re2+ Kf5 47. Ke3 Re8+ 48. Kd3 Rxe2 49. Kxe2 Ke4 50. Ne5 Nxe5 51. fxe5 Kxe5 52. Kd3 d4 53. c6 1-0

[Event "JUG-ch Podgorica"]
[Site "Podgorica"]
[Date "1996.??.??"]
[Round "3"]
[White "Stojanovic, Mihajlo"]
[Black "Drazic, Sinisa"]
[Result "1/2-1/2"]
[WhiteElo "2435"]
[BlackElo "2445"]
[PlyCount "86"]
[EventDate "1996.02.??"]
[Source "ChessBase"]

1. Nf3 d5 2. d4 Nf6 3. c4 dxc4 4. e3 g6 5. Bxc4 Bg7 6. O-O O-O 7. Nc3 Nfd7 8. e4 Nb6 9. Be2 Bg4 10. Be3 Nc6 11. d5 Bxf3 12. Bxf3 Ne5 13. Be2 Nec4 14. Bf4 c6 15. Qb3 cxd5 16. Nxd5 Nxd5 17. exd5 Nd6 18. Rac1 Qd7 19. h3 h5 20. g4 hxg4 21. hxg4 Rac8 22. Rcd1 Nc4 23. Kg2 Nxb2 24. Rb1 g5 25. Bc1 Nc4 26. Qxb7 Rc7 27. Qb5 Qxb5 28. Rxb5 Nd6 29. Ra5 Bc3 30. Ra4 Bf6 31. Be3 Kg7 32. Rc1 Rxc1 33. Bxc1 Nc8 34. Bb5 Nb6 35. Rxa7 Nxd5 36. Bd2 Rc8 37. Bd3 e6 38. Kf3 Rd8 39. Be4 Nc3 40. Be3 Rc8 41. Ra5 Kh6 42. a3 Nd1 43. Rc5 Rb8 1/2-1/2

[Event "URS-ch sf"]
[Site "Irkutsk"]
[Date "1983.??.??"]
[Round "?"]
[White "Chernin, Alexander"]
[Black "Zilberstein, Valery I"]
[Result "1-0"]
[WhiteElo "2475"]
[BlackElo "2400"]
[PlyCount "123"]
[EventDate "1983.09.??"]
[Source "ChessBase"]

1. d4 Nf6 2. Nf3 d5 3. c4 dxc4 4. e3 g6 5. Bxc4 Bg7 6. O-O O-O 7. Nc3 c5 8. d5 Bg4 9. h3 Bxf3 10. Qxf3 Ne8 11. Qe2 Nd6 12. Bb3 Nd7 13. e4 Rc8 14. Bf4 c4 15. Bc2 Ne5 16. Rad1 b5 17. Bxe5 Bxe5 18. f4 Bxc3 19. bxc3 Qb6+ 20. Qf2 Qxf2+ 21. Kxf2 Rfd8 22. Ke3 a6 23. e5 Nb7 24. Rd4 Nc5 25. h4 Rc7 26. Rfd1 Kg7 27. g4 f6 28. g5 fxe5 29. fxe5 Rf8 30. Rf4 Rxf4 31. Kxf4 e6 32. Ke3 Rd7 33. d6 Rf7 34. Be4 Nd7 35. Bc6 Nxe5 36. Be8 Rf3+ 37. Ke2 Rd3 38. d7 Nc6 39. Rxd3 cxd3+ 40. Kxd3 Kf8 41. c4 Ke7 42. cxb5 axb5 43. d8=Q+ Nxd8 44. Bxb5 Kd6 45. a4 Nb7 46. Kd4 Nc5 47. Ke3 e5 48. a5 Kc7 49. Bc4 Nb7 50. Bg8 Nd6 51. Kf3 e4+ 52. Kf4 Nf5 53. Kxe4 Nxh4 54. Bxh7 Kc6 55. Kf4 Kb5 56. Kg4 Nf5 57. Bxg6 Ne7 58. Bf7 Kxa5 59. Kf4 Kb6 60. Ke5 Kc5 61. Kf6 Kd6 62. Be6 1-0

[Event "RUS-ch sf"]
[Site "Perm"]
[Date "1997.??.??"]
[Round "9"]
[White "Potapov, Alexander"]
[Black "Karpeshov, Oleg"]
[Result "1-0"]
[WhiteElo "2455"]
[BlackElo "2420"]
[PlyCount "103"]
[EventDate "1997.??.??"]
[Source "www.chesslib.no"]
[SourceDate "2004.05.04"]

1. d4 d5 2. c4 dxc4 3. Nf3 Nf6 4. e3 g6 5. Bxc4 Bg7 6. O-O O-O 7. Nc3 c5 8. Re1 Bg4 9. h3 Bxf3 10. Qxf3 Nc6 11. dxc5 Qa5 12. Bb5 Nd7 13. Bxc6 Ne5 14. Qe2 Nxc6 15. Bd2 Qxc5 16. Rac1 Rad8 17. Red1 Ne5 18. Be1 Qc4 19. Qxc4 Nxc4 20. Nd5 Nxb2 21. Nxe7+ Kh8 22. Rxd8 Rxd8 23. Rc8 Rxc8 24. Nxc8 a6 25. Nd6 b5 26. Nxf7+ Kg8 27. Nd6 Nd3 28. Bd2 b4 29. Kf1 Bc3 30. Ke2 Nxf2 31. Kxf2 Bxd2 32. Ke2 Bc3 33. Ne4 Bg7 34. Kd3 Kf7 35. Nc5 a5 36. Kc4 Bf8 37. Kb5 Be7 38. Nb3 a4 39. Kxa4 Ke6 40. Kb5 Kd5 41. Nd4 Bf8 42. Nc2 b3 43. axb3 h5 44. b4 h4 45. Kb6 Kc4 46. b5 Kd3 47. Kc6 Ke4 48. b6 Bg7 49. b7 Be5 50. Nb4 Bb8 51. Kd7 Kxe3 52. Kc8 1-0